00350nam a2200109Ia 4500008004100000020001800041082001500059100004100074245007900115260003600194300001000230210430s9999 xx 000 0 und d a0-13-013851-7 a660 A415 N aAlkis Constantinides, Navid Mostoufi aNumerical Methods for Chemical Engineers with Matlab Applications /cAlkis aNew JerseybPrentice hallc1999 a543 p